Religion Quiz

Random Religion or Church Quiz

Review of Early Church History! Quiz Stats

 Plays Quiz not verified by Sporcle

Support Sporcle.
Go Orange.
Score 0/25 Timer 05:00
0 Plays Today
Question Answer % Correct
Acts is a continuation of the Gospel of...?Luke
84.2%
Which group means 'separated ones'?Pharisees
81.6%
What was Peter's name before he met Jesus? Simon
78.9%
Who was given the keys to the kingdom?Peter
76.3%
Who was the supreme counsel of the Jews?Sanhedrin
71.1%
Peter, which is translated into Kephas, means what?Rock
71.1%
Who does the second portion of Acts focus on?Paul
71.1%
What day is considered the birthday of the Church?Pentecost
63.2%
Who was the first baptized Gentile?Cornelius
60.5%
Who was the very strict religious group at the time of Jesus who went only by the Torah?Sadducees
55.3%
Which Emperor ruled in 60 A.D.?Nero
55.3%
Where did Paul go on his third journey?Rome
55.3%
What is a visible, tangible sign of God's grace and love?Sacrament
50%
Question Answer % Correct
What was Saul's profession?Tent-maker
50%
Who did Saul study under?Gamaliel
42.1%
Who was the deacon who preached to the Samaritans?Philip
42.1%
Before labeled Christians, what were Jesus' followers called?Followers of the Way
39.5%
What two things separated Jews from the rest of society?Circumcision Dietary Laws
36.8%
What was a Gentile who worshipped God but was not circumcised called?Proselyte
36.8%
Who was the high priest of the Sanhedrin?Caiphas
34.2%
In Gethsemane, what medical phenomena did Jesus experience?Hematidrosis
26.3%
What are the dimensions or aspects of the Church?Models of the Church
23.7%
What cities were the centers of Gentile culture?Antioch Rome
18.4%
After the Jews and the Christians split, where did the Christians meet for worship?Peoples' homes
18.4%
On Paul's second missionary journey, which three people joined him?Silas Timothy Luke
10.5%

You're not logged in!

Compare scores with friends on all Sporcle quizzes.
OR
Log In

From the Vault

Band or Solo Artist

by NO_r_WAY

What is a band but a bunch of solo artists working together anyway?
Remove Ads.
Support Sporcle.
Get the best of Sporcle when you Go Orange. This ad-free experience offers more features, more stats, and more fun while also helping to support Sporcle. Thank you for becoming a member.

Show Comments

Extras

Created Feb 22, 2011ReportNominate
Tags:Church Quiz, Early, Review

Top Quizzes Today


Score Distribution

Your Account Isn't Verified!

In order to create a playlist on Sporcle, you need to verify the email address you used during registration. Go to your Sporcle Settings to finish the process.

Report this User

Report this user for behavior that violates our Community Guidelines.

Details: